| 000 | 01200cam a2200265 i 4500 | ||
|---|---|---|---|
| 003 | SA-RiAUC | ||
| 005 | 20240916081009.0 | ||
| 008 | 240915s1990 le g 00000 ara c | ||
| 040 |
_aSA-RiAUC _bara _cSA-RiAUC _erda |
||
| 082 | 0 | 4 |
_a252 _bب ك ر |
| 100 | 1 |
_aالبكري، عثمان بن محمد شطا الدمياطي، _dتوفي بعد 1302 هجري _eمؤلف. |
|
| 245 | 1 | 2 |
_aالدرر البهية فيما يلزم المكلف من العلوم الشرعية / _cأبي بكر بن محمد شطا الدمياطي الشافعي ؛ حققه وعلق عليه ماجد الحموي. |
| 246 | 3 | 0 | _aالعلوم الشرعية |
| 250 | _aالطبعة الثانية. | ||
| 264 | 1 |
_aبيروت : _bدار ابن حزم للطباعة والنشر والتوزيع، _c1990 |
|
| 300 |
_a79 صفحة ؛ _c20 سم: |
||
| 336 |
_aنص _btxt _2rdacontent _3كتاب |
||
| 337 |
_aبدون وسيط _bn _2rdamedia |
||
| 338 |
_aمجلد _bnc _2rdacarrier |
||
| 650 | 7 |
_aالعبادات (فقه إسلامي) _2aucsh |
|
| 650 | 7 |
_aالشريعة الإسلامية _2aucsh |
|
| 700 | 1 |
_aالحموي، ماجد _eمحقق. |
|
| 942 |
_2ddc _cBOOK |
||
| 949 |
_aSA-JeALM _d240915 _umohamedma123 _n1 |
||
| 999 |
_c337 _d337 |
||